000 00491nam a22001937a 4500
003 MPLRDC
005 20220104160701.0
008 210129b ||||| |||| 00| 0 eng d
020 _a957-455-848-7
082 _a354.4 SCHI
100 _aROLF SCHICK
245 _a地球的怒吼
_c林碧珠译
250 _a初版
260 _a台湾
_b晨星出版有限公司
_c2005
300 _b156
490 _a知识之门. 12
650 _a动力地质学--地震
942 _cBK
_o354.4 SCHI
999 _c55115
_d55105